000 00603nam a2200229Ia 4500
005 20260320201422.0
008 008 262003s9999 xx 000 0 eng d
037 _aEBOOK
040 _aCRL
040 _beng
040 _cCRL
041 _2eng
041 _aeng
084 _qCRL
100 _aDegroof
_91135039
245 0 _aFrom the Basement to the Dome: How MIT's Unique Culture Created a Thriving Entrepreneurial Community
260 _bIEEE
856 _uhttps://ieeexplore.ieee.org/servlet/opac?bknumber=9570181
942 _cEBOOK
999 _c1721126
_d1721126